LEADER 04581oam 22009494a 450 001 9910971093303321 005 20240418130444.0 010 $a9781784996253 010 $a1784996254 010 $a9781784996871 010 $a1784996874 024 7 $a10.7765/9781784996871 035 $a(CKB)3710000000493224 035 $a(EBL)4083644 035 $a(SSID)ssj0001587408 035 $a(PQKBManifestationID)16271338 035 $a(PQKBTitleCode)TC0001587408 035 $a(PQKBWorkID)14870065 035 $a(PQKB)10159895 035 $a(MiAaPQ)EBC4083644 035 $a(OCoLC)980762768 035 $a(MdBmJHUP)muse59557 035 $a(DE-B1597)660113 035 $a(DE-B1597)9781784996871 035 $a(Perlego)1525703 035 $a(EXLCZ)993710000000493224 100 $a20160329d2015 uy 0 101 0 $aeng 135 $aur|n|---||||| 181 $ctxt 182 $cc 183 $acr 200 10$aExploring Russia in the Elizabethan commonwealth $eThe Muscovy Company and Giles Fletcher, the elder (1546?1611) /$fFelicity Jane Stout 205 $a1st ed. 210 1$aManchester :$cManchester University Press,$d2015. 210 3$aBaltimore, Md. :$cProject MUSE,$d2017 210 4$dİ2015. 215 $a1 online resource (xiii, 251 pages) $cillustrations 225 0 $aPolitics, culture and society in early modern Britain 300 $aDescription based upon print version of record. 311 0 $a9780719097003 311 0 $a0719097002 320 $aIncludes bibliographical references (pages 232-243) and index. 327 $aAn adventuring commonwealth: English mercantile and diplomatic encounters with Russia, 1553-88 -- A commonwealths-man in Russia: Giles Fletcher's early career and embassies -- Creating a feigned commonwealth: Fletcher's response to Russia -- A corrupted commonwealth: Fletcher's representation of Russia -- A commonwealth counseled: Russia's resonances in late Elizabethan England -- A controversial commonwealth: censorship, poetry and Fletcher's late career -- Conclusion. Thinking with Russia, writing English commonwealth. 330 $aExploring Russia in the Elizabethan Commonwealth tells the story of English relations with Russia, from the 'strange and wonderfull discoverie' of the land and Elizabeth I's correspondence with Ivan the Terrible, to the corruption of the Muscovy Company and the Elizabethan regime's censorship of politically sensitive representations of Russia. Focusing on the life and works of Giles Fletcher, the elder, ambassador to Russia in 1588, this work explores two popular themes in Elizabethan history: exploration, travel and trade and late Elizabethan political culture. By analysing the pervasive languages of commonwealth, corruption and tyranny found in both the Muscovy Company accounts and in Fletcher's writings on Russia, this monograph explores how Russia was a useful tool for Elizabethans to think with when they contemplated the nature of government and the changing face of monarchy in the late Elizabethan regime. It will appeal to academics and students of Elizabethan political culture and literary studies, as well as those of early modern travel and trade. 410 0$aPolitics, culture, and society in early modern Britain. 606 $aDiplomatic relations$2fast$3(OCoLC)fst01907412 607 $aRussia$2fast 607 $aGreat Britain$2fast 607 $aRussia$xHistory$y1533-1613 607 $aRussia$xForeign relations$zGreat Britain 607 $aGreat Britain$xForeign relations$zRussia 608 $aHistory. 610 $aChristendom. 610 $aElizabethan regime. 610 $aEnglish mercantile contact. 610 $aGiles Fletcher. 610 $aMuscovy Company. 610 $aRussia. 610 $aad hoc embassies. 610 $aanti-popery. 610 $acensorship. 610 $acolonization. 610 $acommonwealth. 610 $acorruption. 610 $adiplomacy. 610 $adiplomatic negotiations. 610 $alate Elizabethan political culture. 610 $apolitical consciences. 610 $apolitically sensitive representations. 610 $areligious consciences. 610 $aresonances. 610 $atrade relations. 615 7$aDiplomatic relations. 676 $a327.41047 700 $aStout$b Felicity Jane$01808645 801 0$bMdBmJHUP 801 1$bMdBmJHUP 906 $aBOOK 912 $a9910971093303321 996 $aExploring Russia in the Elizabethan commonwealth$94359020 997 $aUNINA LEADER 03813nam 2200829 a 450 001 9910146419503321 005 20200520144314.0 010 $a9786611284244 010 $a9781281284242 010 $a1281284246 010 $a9789048501243 010 $a9048501245 024 7 $a10.1515/9789048501243 035 $a(CKB)1000000000486823 035 $a(EBL)419934 035 $a(OCoLC)476250949 035 $a(SSID)ssj0000257819 035 $a(PQKBManifestationID)11200599 035 $a(PQKBTitleCode)TC0000257819 035 $a(PQKBWorkID)10253990 035 $a(PQKB)11022335 035 $a(DE-B1597)532753 035 $a(OCoLC)232352670 035 $a(DE-B1597)9789048501243 035 $a(UkCbUP)CR9789048501243 035 $a(Au-PeEL)EBL419934 035 $a(CaPaEBR)ebr10302673 035 $a(CaONFJC)MIL128424 035 $a(MiAaPQ)EBC419934 035 $a(oapen)https://directory.doabooks.org/handle/20.500.12854/32638 035 $a(MiAaPQ)EBC31780039 035 $a(Au-PeEL)EBL31780039 035 $a(ScCtBLL)47d89c57-e0cd-4e10-aa3c-31d10d3d15ef 035 $a(Perlego)1459064 035 $a(oapen)doab32638 035 $a(EXLCZ)991000000000486823 100 $a20081107d2007 uy 0 101 0 $aeng 135 $aur||||||||||| 181 $ctxt$2rdacontent 182 $cc$2rdamedia 183 $acr$2rdacarrier 200 10$aTheir footprints remain $ebiomedical beginnings across the Indo-Tibetan frontier /$fAlex McKay 205 $a1st ed. 210 $a[Amsterdam] $cAmsterdam University Press$dc2007 210 1$aAmsterdam : $cAmsterdam University Press, $d[2007] 210 4$dİ2008 215 $a1 online resource (302 pages) $cdigital, PDF file(s) 225 1 $aIIAS publications series. Monographs ;$v1 300 $aTitle from publisher's bibliographic system (viewed on 15 Jan 2021). 311 0 $a9789053565186 311 0 $a9053565183 320 $aIncludes bibliographical references. 327 $tFront matter --$tContents --$tAcknowledgements --$tList of Maps and Tables --$tGlossary --$tIntroduction --$t1. Missionary Medicine and the Rise of Kalimpong --$t2. Sikkim: Imperial Stepping-stone to Tibet --$t3. Biomedicine and Buddhist Medicine in Tibet --$t4. Medical myths and Tibetan trends --$t5. Bhutan: A Later Development --$t6. The Choice of Systems --$tConclusions --$tAppendix: Attendance at Gyantse and Yatung IMS dispensaries --$tNotes --$tBibliography --$tIndex 330 $aBy the end of the 19th century, British imperial medical officers and Christian medical missionaries had introduced Western medicine to Tibet, Sikkim, and Bhutan. Their Footprints Remain uses archival sources, personal letters, diaries, and oral sources in order to tell the fascinating story of how this once-new medical system became imbedded in the Himalayas. Of interest to anyone with an interest in medical history and anthropology, as well as the Himalayan world, this volume not only identifies the individuals involved and describes how they helped to spread this form of imperialist medicine, but also discusses its reception by a local people whose own medical practices were based on an entirely different understanding of the world. 410 0$aIIAS publications series.$pMonographs ;$v1. 606 $aMedicine$xHistory$y19th century 606 $aMedicine$xHistory$y20th century 607 $aTibet Autonomous Region (China) 607 $aSikkim (India) 607 $aBhutan 615 0$aMedicine$xHistory 615 0$aMedicine$xHistory 676 $a610.95 700 $aMcKay$b Alex$0800821 801 0$bMiAaPQ 801 1$bMiAaPQ 801 2$bMiAaPQ 906 $aBOOK 912 $a9910146419503321 996 $aTheir Footprints Remain$91802129 997 $aUNINA